| 000 | 00474 a2200169 4500 | ||
|---|---|---|---|
| 003 | OSt | ||
| 005 | 20240111162613.0 | ||
| 008 | 240111b |||||||| |||| 00| 0 eng d | ||
| 020 | _a9789382581666 | ||
| 040 | _coclc | ||
| 082 |
_a297 _bSAL/H |
||
| 100 |
_aSaleem, Mishal _910249 |
||
| 245 |
_aHadees krodeekarana charithram / _cMishal Saleem |
||
| 260 |
_aKerala: _bDa'wa books, _c2016. |
||
| 300 | _a133p | ||
| 942 |
_2ddc _cBK _h297 _iSAL/H _k297 _mSAL/H |
||
| 999 |
_c43161 _d43161 |
||